Approximate calculation of temperature modes in betatron windings with limited number of heating and cooling cycles; Bulletin of the Tomsk Polytechnic University; Vol. 310, № 3
| Parent link: | Bulletin of the Tomsk Polytechnic University/ Tomsk Polytechnic University (TPU).— , 2006-2007 Vol. 310, № 3.— 2007.— [P. 84-85] |
|---|---|
| Hovedforfatter: | |
| Summary: | Заглавие с титульного листа Электронная версия печатной публикации Estimation dependencies for nonstationary temperature condition calculations of betatron winding with limited number of heating and cooling cycles have been obtained. |
| Sprog: | engelsk |
| Udgivet: |
2007
|
| Serier: | Power engineering |
| Fag: | |
| Online adgang: | http://www.lib.tpu.ru/fulltext/v/Bulletin_TPU/2007/v310eng/i3/21.pdf |
| Format: | Electronisk Book Chapter |
| KOHA link: | https://koha.lib.tpu.ru/cgi-bin/koha/opac-detail.pl?biblionumber=182102 |
MARC
| LEADER | 00000nla2a2200000 4500 | ||
|---|---|---|---|
| 001 | 182102 | ||
| 005 | 20231031171217.0 | ||
| 035 | |a (RuTPU)RU\TPU\book\197385 | ||
| 035 | |a RU\TPU\book\197384 | ||
| 090 | |a 182102 | ||
| 100 | |a 20100616d2007 k y0rusy50 ca | ||
| 101 | 1 | |a eng |c rus | |
| 102 | |a RU | ||
| 135 | |a drnn ---uucaa | ||
| 200 | 1 | |a Approximate calculation of temperature modes in betatron windings with limited number of heating and cooling cycles |b Electronic resource |f V. Е Yukhnov | |
| 203 | |a Text |c electronic | ||
| 215 | |a 1 файл (323 Кб) | ||
| 225 | 1 | |a Power engineering | |
| 230 | |a Электронные текстовые данные (1 файл : 323 Кб) | ||
| 300 | |a Заглавие с титульного листа | ||
| 300 | |a Электронная версия печатной публикации | ||
| 320 | |a [Bibliography: p. 85 (3 titles)] | ||
| 330 | |a Estimation dependencies for nonstationary temperature condition calculations of betatron winding with limited number of heating and cooling cycles have been obtained. | ||
| 337 | |a Adobe Reader | ||
| 461 | 1 | |0 (RuTPU)RU\TPU\book\169973 |t Bulletin of the Tomsk Polytechnic University |f Tomsk Polytechnic University (TPU) |d 2006-2007 | |
| 463 | 1 | |0 (RuTPU)RU\TPU\book\197326 |t Vol. 310, № 3 |v [P. 84-85] |d 2007 |p 101 p. | |
| 610 | 1 | |a calculations | |
| 610 | 1 | |a windings | |
| 610 | 1 | |a betatrons | |
| 610 | 1 | |a cycles | |
| 610 | 1 | |a heating | |
| 610 | 1 | |a cooling | |
| 610 | 1 | |a estimation dependencies | |
| 610 | 1 | |a nonstationary temperature conditions | |
| 610 | 1 | |a труды учёных ТПУ | |
| 610 | 1 | |a электронный ресурс | |
| 675 | |a 621.314.2, 621.613.538.244.2 |v 3 | ||
| 700 | 1 | |a Yukhnov |b V. Е | |
| 801 | 1 | |a RU |b 63413507 |c 20090623 |g PSBO | |
| 801 | 2 | |a RU |b 63413507 |c 20110331 |g PSBO | |
| 856 | 4 | |u http://www.lib.tpu.ru/fulltext/v/Bulletin_TPU/2007/v310eng/i3/21.pdf | |
| 942 | |c CF | ||